| 000 | 00608nam a22001817a 4500 | ||
|---|---|---|---|
| 005 | 20231116141151.0 | ||
| 010 | _aENG-116422 | ||
| 020 |
_a9789383649587 _c595.00 |
||
| 035 | _aEN-99954 | ||
| 037 | _bDBAD/PUB | ||
| 082 | _a260.51 | ||
| 100 |
_aWadva,Satjit _958779 |
||
| 245 |
_aUnderstanding the spiritual dialogues Sidha Gosti/ _cEdited by Niraj Kumar,George Van Driem [and] Phunchok Stobdan |
||
| 260 |
_aNew Delhi _bKW Publishers _c2016 |
||
| 270 |
_a4676/21,first floor,Ansari Road,Daryaganj _bNew Delhi _e110002 |
||
| 300 |
_aiii,160p. _c18cm(Hb) |
||
| 942 |
_2ddc _cEN _h260.51 _mWAD |
||
| 999 |
_c104464 _d104464 |
||